00458nam a2200145Ia 450000500170000000800410001710000170005824500540007526000140012930000110014365000180015494200070017299900150017995201180019420260328101510.0260328s9999||||xx |||||||||||||| ||und|| aLe Corbusier 0aLes Plans de Paris :b 1956 -1922 /cLe Corbusier bde Minuit a192 p. aCorbusier, Le cBK c9149d9149 001040708GENaGPCbGPCcGENd2026-03-28i2987l0o711.1 C 8113 ap2987r2026-03-28 15:15:10t1w2026-03-28yBK